| 000 | 00767nam a2200229 u 4500 | ||
|---|---|---|---|
| 005 | 20220916063628.0 | ||
| 008 | 150910s2011 r 000 0 eng d | ||
| 035 | _aUPN01000205747 | ||
| 049 | _aI | ||
| 050 | 4 |
_aQH541.14 _bS4.3 |
|
| 100 | 1 |
_aSerres, Alain, _d1956- _938060 |
|
| 245 | 1 | 0 |
_aCuando nos hayamos comido el planeta / _cAlain Serres ; il. Silvia Bonanni. |
| 260 |
_aMéxico : _bTecolote, _cc2011. |
||
| 300 |
_a[22] p. : _bprincipalmente il. col. |
||
| 534 |
_pTitulo orignal: _tQuand nous aurons mangé la planète |
||
| 650 | 4 |
_aECOLOGIA - _vLITERATURA INFANTIL _923452 |
|
| 650 | 4 |
_aNATURALEZA - _xCONSERVACION _924 |
|
| 650 | 7 |
_aLibros ilustrados para niños _2 _921365 |
|
| 700 | 1 |
_aBonanni, Silvia, _eil. |
|
| 905 | _aInfantil | ||
| 999 |
_c177848 _d177848 |
||